|
|
|
|
| LEADER |
02232nam a2200577 i 4500 |
| 001 |
001895090 |
| 003 |
CZ BrMZK |
| 005 |
20240527065256.0 |
| 007 |
ta |
| 008 |
240513s2004 xr acfhe c 000 0dcze |
| 015 |
|
|
|a cnb001495422
|
| 020 |
|
|
|a 80-239-4555-6
|q (v knize neuvedeno ;
|q vázáno)
|
| 035 |
|
|
|a (OCoLC)62117624
|
| 040 |
|
|
|a BOA001
|b cze
|e rda
|
| 041 |
1 |
|
|a cze
|a eng
|a ger
|h cze
|
| 043 |
|
|
|a e-cs---
|
| 045 |
|
|
|a x6x6
|
| 072 |
|
7 |
|a 94(437)
|x Dějiny Česka a Slovenska
|2 Konspekt
|9 8
|
| 080 |
|
|
|a 94(437)"1968"
|2 MRF
|
| 080 |
|
|
|a 323
|2 MRF
|
| 080 |
|
|
|a 94(437)
|2 MRF
|
| 080 |
|
|
|a (437)
|2 MRF
|
| 080 |
|
|
|a (083.824)
|2 MRF
|
| 100 |
1 |
|
|a Kratochvil, Jan,
|d 1951-
|7 mzk2004217426
|4 aut
|
| 245 |
1 |
0 |
|a 1968-1969 /
|c Jan Kratochvil
|
| 246 |
1 |
5 |
|a Český a slovenský exil 20. století
|
| 246 |
3 |
|
|a Devatenáct set šedesát osm, devatenáct set šedesát devět
|
| 264 |
|
1 |
|a Brno :
|b Meadow Art,
|c [2004]
|
| 264 |
|
4 |
|c ©2004
|
| 300 |
|
|
|a 180 stran, 12 nečíslovaných stran příloh :
|b ilustrace, portréty, faksimile ;
|c 31 cm
|
| 336 |
|
|
|a text
|b txt
|2 rdacontent
|
| 336 |
|
|
|a statický obraz
|b sti
|2 rdacontent
|
| 337 |
|
|
|a bez média
|b n
|2 rdamedia
|
| 338 |
|
|
|a svazek
|b nc
|2 rdacarrier
|
| 500 |
|
|
|a Katalog k výstavám Český a slovenský exil 20. století, část samizdat - okupace
|
| 504 |
|
|
|a Obsahuje bibliografické odkazy
|
| 546 |
|
|
|a Souběžný anglický a německý text
|
| 648 |
|
7 |
|a 1968-1969
|7 ch525259
|2 czenas
|
| 650 |
0 |
7 |
|a Srpen (1968 : Československo)
|7 ph118100
|2 czenas
|
| 650 |
0 |
9 |
|a Soviet intervention (1968 : Czechoslovakia)
|2 eczenas
|
| 651 |
|
7 |
|a Československo
|7 ge131689
|x společnost a politika
|y 1968-1969
|2 czenas
|
| 651 |
|
7 |
|a Československo
|7 ge131689
|x dějiny
|y 1968-1969
|2 czenas
|
| 651 |
|
9 |
|a Czechoslovakia
|x society and politics
|y 1968-1969
|2 eczenas
|
| 651 |
|
9 |
|a Czechoslovakia
|x history
|y 1968-1969
|2 eczenas
|
| 655 |
|
7 |
|a katalogy výstav
|7 fd132536
|2 czenas
|
| 655 |
|
9 |
|a exhibition catalogs
|2 eczenas
|
| 710 |
2 |
|
|a Český a slovenský exil 20. století (projekt)
|7 kn20040506004
|
| 910 |
|
|
|a BOA001
|b 4-1524.527
|
| 990 |
|
|
|a BK
|
| 991 |
|
|
|b 202405
|
| 996 |
6 |
|
|b 2610969457
|c 4-1524.527
|l MZK
|r Sklad / do 1 hodiny
|n 0
|p kupd
|w 001963634
|u 000010
|a 1
|e BOA001
|j MZK50
|s P
|